000 00455nam a2200205Ia 4500
001 11754
003 GE_BSU
008 181216s||||||||xx |||||||||||||| ||und||
020 _a0752844040
040 _cGE_BSU
080 _a821.111-32.1
100 _aConnelly,Michael
245 2 _aA Darkness More Than Night
260 _aLondon
260 _bOrion
260 _c2000
300 _a403p.18cm.
653 _aA Darkness More Than Night
942 _cBK
999 _c44933
_d44933